000 00866nam a2200289Ia 4500
003 OSt
005 20221006160356.0
006 a|||||r|||| 00| 0
007 ta
008 221006b |||||||| |||| 00| 0 eng d
020 _a9780791469262
_c971.00
024 _a45,087
037 _bGift, Japan Foundation
_cTextual
040 _aEASL
_cEASL
_beng
041 _2eng
_aeng
082 _aQ4596xG53, P7
100 _aKim Hee-Jin
_9672553
245 0 _aDogen on meditation and thinking
_b A reflection on his view of Zen
260 _aAlbany
_bState University of New York Press
_c2007
300 _a184p
_ccm.
490 _v Gen
650 _a Gen
650 _a Meditation - Sotoshu - Doctrines
_9673118
650 _aDogen
_9655134
942 _hQ4596xG53, P7
_cTEXL
_2CC
999 _c1113179
_d1113179